Manual de procesiones, y otros actos de comunidad, para el uso de los religiosos del Orden Calzado de la Santisima Trinidad, redención de cautivos [ (Record no. 158644)

MARC details
000 -LEADER
campo de control de longitud fija 01121nam a2200217 i 4500
001 - NÚMERO DE CONTROL
campo de control 158644
003 - IDENTIFICADOR DE NÚMERO DE CONTROL
campo de control ES-MaACL
005 - FECHA Y HORA DE LA ÚLTIMA TRANSACCIÓN
campo de control 20230906211244.0
008 - DATOS DE LONGITUD FIJA--INFORMACIÓN GENERAL
campo de control de longitud fija 990510s1780 sp a |||| | spa d
040 ## - FUENTE DE CATALOGACIÓN
Centro catalogador/agencia de origen BA
Lengua de catalogación spa
Centro/agencia transcriptor BA
110 2# - ENTRADA PRINCIPAL--NOMBRE DE ENTIDAD CORPORATIVA
Nombre de entidad corporativa o nombre de jurisdicción como elemento de entrada Trinitarios.
9 (RLIN) 163514
245 10 - MENCIÓN DEL TÍTULO
Título Manual de procesiones, y otros actos de comunidad, para el uso de los religiosos del Orden Calzado de la Santisima Trinidad, redención de cautivos [
Medio Música impresa] :
Resto del título en que se añaden las principales reglas del canto llano, y las que deben observar los cantores, todo para la perfecta instrucción de sus novicios, y uniformidad de canto de todos los religiosos, el que hace segunda parte al ceremonial completo del orden.
260 ## - PUBLICACIÓN, DISTRIBUCIÓN, ETC.
Lugar de publicación, distribución, etc. Madrid :
Nombre del editor, distribuidor, etc. por D. Ioachin Ibarra...,
Fecha de publicación, distribución, etc. 1780.
300 ## - DESCRIPCIÓN FÍSICA
Extensión [2], XIV, 296, 104 p. : il. ;
Dimensiones 4º.
530 ## - NOTA DISPONIBLE DE FORMULARIO FÍSICO ADICIONAL
Nota de formato físico adicional disponible Disponible en formato digital.
650 #4 - PUNTO DE ACCESO ADICIONAL DE MATERIA--TÉRMINO DE MATERIA
Término de materia o nombre geográfico como elemento de entrada Cantos litúrgicos.
9 (RLIN) 163515
852 ## - LOCALIZACIÓN
Ubicación ES-MaACL
Número de control de estantería R-767
Nota libre -- Enc. perg.
Encuadernación Olim: G-5315
856 ## - LOCALIZACIÓN Y ACCESO ELECTRÓNICOS
Identificador Uniforme de Recursos <a href="http://bdh-rd.bne.es/viewer.vm?id=0000127943&page=1 ">http://bdh-rd.bne.es/viewer.vm?id=0000127943&page=1 </a>
Nota pública Biblioteca Digital Hispánica
942 ## - ELEMENTOS DE ENTRADA SECUNDARIOS (KOHA)
Fuente del sistema de clasificación o colocación Clasificación decimal universal
Holdings
Estatus retirado Estado de pérdida Estado de daño No para préstamo Colección Biblioteca de origen Biblioteca actual Ubicación en estantería Fecha de adquisición Fuente de adquisición Total de préstamos Signatura topográfica completa Código de barras Visto por última vez Precio de reemplazo Tipo de ítem Koha
        Colección digital Biblioteca del Ateneo de Madrid Biblioteca del Ateneo de Madrid Depósito 17/01/2008     R-767 1166051 23/02/2023 23/02/2023 Libro impreso antiguo